| 000 | 00455nam a22001817a 4500 | ||
|---|---|---|---|
| 003 | ASAB | ||
| 005 | 20180827062712.0 | ||
| 008 | 161124t xxu||||| |||| 00| 0 eng d | ||
| 020 | _a81-89473-01-8 | ||
| 040 | _cASAB | ||
| 082 | _a576.58 | ||
| 100 |
_aS. Biswas _92274 |
||
| 245 |
_aBiodiversity conservation _ba genetic approach |
||
| 260 |
_aDelhi _bOxford Book Company _c2007 |
||
| 300 | _a347 P. | ||
| 630 |
_aBiodiversity _93600 |
||
| 942 |
_2ddc _cBK |
||
| 999 |
_c480318 _d480318 |
||